Valorizácia prostredia a jej využitie pre potreby tvorby produktových línií v kultúrno-poznávacom cestovnom ruchu vo vybranom regióne Slovenskej republiky diplomová práca

Na minha lista:
Detalhes bibliográficos
Autor principal: Nikitina, Marina
Autor Corporativo: Obchodná fakulta EU. Katedra cestovného ruchu
Outros Autores: Čukanová, Miroslava, 1984-
Formato: Livro
Idioma:eslovaco
Publicado em: Bratislava 2024
Tags: Adicionar Tag
Sem tags, seja o primeiro a adicionar uma tag!

MARC

LEADER 00000nbm a2200000 4500
001 0302497
005 20250821101717.9
041 0 |a slo 
044 |a SK 
245 1 0 |a Valorizácia prostredia a jej využitie pre potreby tvorby produktových línií v kultúrno-poznávacom cestovnom ruchu vo vybranom regióne Slovenskej republiky  |b diplomová práca  |c Marina Nikitina ; školiteľ: Miroslava Čukanová 
264 1 |a Bratislava  |c 2024 
300 |a 64 s. 
100 1 |a Nikitina, Marina 
700 1 |a Čukanová, Miroslava, 1984- 
710 2 |a Obchodná fakulta EU. Katedra cestovného ruchu